Chant de Noël - Petit Papa Noël - Paroles - Statistiques

Statistiques générales
  • Ce quiz a été pris 103 fois
  • Le résultat moyen est 39 sur 49
Statistiques - réponses
Paroles % Correct
C'est la belle nuit de {Noël}
100%
Petit Papa {Noël}
100%
Quand tu descendras du {ciel}
100%
Et les yeux levés vers le {ciel}
99%
Avec des jouets par {milliers}
98%
Mais avant de {partir}
98%
Dehors tu vas avoir si {froid}
96%
La neige étend son manteau {blanc}
96%
À genoux les petits {enfants}
95%
C'est un peu à cause de {moi}
95%
Il faudra bien te {couvrir}
95%
N'oublie pas mon petit {soulier}
94%
Il me tarde tant que le jour se {lève}
93%
Petit Papa {Noël}
93%
Quand tu descendras du {ciel}
92%
Avec des jouets par {milliers}
91%
Font une dernière {prière}
88%
N'oublie pas mon petit {soulier}
88%
Pour voir si tu m'as {apporté}
88%
Avec ta hotte sur le {dos}
85%
Le marchand de sable est {passé}
85%
Avant de fermer les {paupières}
84%
Les enfants vont faire {dodo}
84%
Petit Papa {Noël}
84%
Quand tu descendras du {ciel}
84%
Avec des jouets par {milliers}
82%
N'oublie pas mon petit {soulier}
81%
Tous les beaux joujoux que je vois en {rêve}
81%
Et que je t'ai {commandé}
80%
Petit Papa {Noël}
79%
Petit Papa {Noël}
79%
Petit Papa {Noël}
79%
Quand tu descendras du {ciel}
79%
Quand tu descendras du {ciel}
79%
Avec des jouets par {milliers}
78%
Avec des jouets par {milliers}
78%
N'oublie pas mon petit {soulier}
76%
N'oublie pas mon petit {soulier}
76%
Je n'ai pas été tous les jours très {sage}
68%
Tout ça avant demain {matin}
67%
Au son des cloches des {églises}
58%
Viens d'abord sur notre {maison}
53%
Sur les toits du monde {entier}
47%
Mais j'en demande {pardon}
46%
Mets toi vite, vite en {chemin}
44%
Ta distribution de {surprises}
42%
Et tu vas pouvoir {commencer}
39%
Et quand tu seras sur ton beau {nuage}
31%
Et si tu dois t'{arrêter}
31%
Aucun quiz correspondant
Distribution des résultats
% des personnes avec chaque résultat
Percentile par nombre de réponses
Votre historique - résultats
Vous n’avez pas pris ce quiz